|
|
|
|
| LEADER |
00000nam a22000007a 4500 |
| 005 |
20190726134958.0 |
| 007 |
cr|||| |||| |
| 008 |
190726s2019 es |||||s|||| 00||0 spa d |
| 020 |
|
|
|a 978-84-1324-082-4
|
| 035 |
|
|
|a 23796
|
| 040 |
|
|
|a vLex
|
| 090 |
|
|
|c 9078
|d 9078
|
| 100 |
1 |
|
|a Pozo Moreira, Francisco Javier
|
| 245 |
1 |
0 |
|a Derecho de la contratacin̤ turs̕tica y de los eventos
|h [Recurso electrn̤ico] /
|c Francisco Javier Pozo Moreira
|
| 256 |
|
|
|a Servicio en ln̕ea
|
| 260 |
|
|
|a Madrid:
|b Dykinson,
|c 2019
|
| 300 |
|
|
|a 1 recurso electrn̤ico
|
| 506 |
1 |
|
|a Disponible solo en los productos indicados
|d vLex Global
|d vLex Global (Academic Edition, excluding Law Schools)
|d vLex Global (U.S. Academic Edition, Law Schools)
|d vLex Global (U.S. Academic Edition, excluding Law Schools)
|d vLex Global (Academic Edition, Law Schools)
|
| 650 |
0 |
4 |
|a Derecho Mercantil y de la Empresa
|z Espaą
|
| 650 |
0 |
4 |
|a Derecho Pb︢lico y Administrativo
|z Espaą
|
| 740 |
0 |
|
|a vLex Libros (Servicio en ln̕ea)
|
| 856 |
4 |
0 |
|u http://vlex.com/source/derecho-contratacion-turistica-eventos-23796
|z Acceso restringido
|
| 942 |
|
|
|c BOOK
|
| 999 |
0 |
|
|a Commercial and Business Law
|
| 999 |
0 |
|
|a Public and Administrative Law
|